00703nam a2200229 a 450000100060000000300080000600500170001400800410003103500190007204000270009104100080011808200220012610000390014824500570018726000550024430000340029950000200033365000260035365000250037965000180040474000510042253780BD RJUL20211209080023.0161025s1966 enka b 001 0 eng  a(BD RJUL)53902 aDLCcDLCdBD RJULbeng aeng a596bROV 19592231 aRomer, Alfred Sherwood,d1894-197310aVertebrate paleontology /cby Alfred Sherwood Romer. aLondon :bUniversity of Chicago Press,cc1933-1959 avii, 437 p. :bill. ;c29 cm. aIncludes index. 0aVertebratesxAnatomy. 0aVertebrates, Fossil. 0aPaleontology.0 aNotes and comments on vertebrate paleontology.